000 01176cam a2200349 a 4500
001 6652
003 FISKH
005 20250827085534.0
008 980513s2000 nyua b 001 0 eng
010 _a 98022036
020 _a0516212087 (lib. bdg.)
020 _a9780516212081
020 _a0516270885 (pbk.)
040 _aDLC
_cDLC
_dDLC
_beng
050 _aQL83.F68
082 _a333.95
100 1 _aFowler, Allan.
245 1 0 _aIt could still be endangered /
_cby Allan Fowler.
260 _aNew York :
_bChildren's Press,
_c2000.
300 _a31 pages :
_bcolor illustrations ;
_c19 cm
440 0 _aRookie read-about science
500 _aIncludes index.
505 _aJ
520 _aPresents many animals that are extinct or endangered, such as the bald eagle, passenger pigeon, and American bison, tells what has caused their numbers to dwindle, and suggests how they might be saved.
521 8 _a500
_bLexile estimate
521 8 _aJ
_bRaz-Plus
650 0 _aEndangered species
_xJuvenile literature.
650 1 _aEndangered species.
906 _a7
_bcbc
_corignew
_d1
_eocip
_f19
_gy-gencatlg
942 _2ddc
_cBK
_n0
999 _c6652
_d6652